000
00320nam a2200145Ia 4500
100
_a
Dhake
650
_a
Electrical Engineering
942
_c
BK
654
_a
television
245
_a
Television engineering
260
_b
Tata Mc Graw hill
_a
New Delhi
_c
1982
082
_a
621.38
300
_a
462
546
_a
ENGLISH
999
_c
34009
_d
34009